000 00596nam a2200193Ia 4500
003 GCL
008 140319s9999 xx 000 0 ara d
040 _aGCL /
_cGCL
082 0 4 _a796.8159
_bى ا
100 1 _aيحيى فوزى
245 1 0 _aاسطورة الكونغ فو /
_cيحيى فوزى
260 _a[S.N] :
_bمكتبة مدبولى ،
_c1992
490 _a
650 0 4 _aالالعاب الرياضية
650 0 4 _aالتمرينات الرياضية
650 0 4 _aالدفاع عن النفس
650 0 4 _aالالعاب الرياضية الفردية
942 _2ddc
_cBK
999 _c59094
_d59094